000 00335nam a2200133Ia 4500
008 100328s9999 xx 000 0 und d
082 _b20997
100 _aकीर गिरिजा
245 _aगिरकी
260 _bहेमचंद्र
630 _aगिरकी
730 _aगिरकी
942 _cBOOK
999 _c515055
_d515052